| 000 | 00548nam a2200157 4500 | ||
|---|---|---|---|
| 999 |
_c15913 _d15913 |
||
| 008 | 201217b ||||| |||| 00| 0 eng d | ||
| 022 | _a0732-8435 | ||
| 082 | _aDPer 657.05 C33 Sept - Mar 2015, v. 85 - 86 | ||
| 100 |
_aLevin, Mark H. _942718 |
||
| 245 |
_aSupreme court rules that two states may not tax the same income/ _b _cMark H. Levin. |
||
| 260 |
_aNew York: _bThe New York State Society of CPA, _c©2015. |
||
| 300 |
_av86 n1, pages 58-59: _billustrations; _c28 cm. |
||
| 650 |
_aTaxation. _942693 |
||
| 650 |
_a _942712 |
||
| 942 |
_2ddc _cPER |
||